000
00327nam a22001457a 4500
003
SGT
082
_a
616.01
_b
I21Y
100
_a
YUMNAM, HANNA
245
_a
INTERLEUKIN-8 LEVELS IN DENGUE INFECTION
260
_a
GURUGRAM
_b
SGT UNIVERSITY
_c
2021
300
_a
82
650
_a
MICROBIOLOGY
653
_a
M.Sc
942
_2
ddc
_c
TH
999
_c
26644
_d
26644